000 00579nam a2200181Ia 4500
003 GCL
008 140319s9999 xx 000 0 ara d
040 _aGCL /
_cGCL
082 0 4 _a349.2
_bو م
100 1 _aوجدى ثابت غبريال
245 1 0 _aمبدا المساواة امام الاعباء العامة /
_cوجدى ثابت غبريال
260 _a[S.N] :
_bمنشاة المعارف الاسلامية
300 _a160
490 _aالكتب القانونية
_v0
650 0 4 _aالقانون
650 0 4 _aالقانون العام
942 _2ddc
_cBK
999 _c41069
_d41069